000 00895nam a2200241 i 4500
001 35795
003 ES-MaACL
005 20250815080452.0
007 t|
008 030214q1946 sp ||||1| spa d
100 1 _aBoulding, Kenneth E.
_930904
245 1 3 _aLa economía de la paz /
_cKeneth E. Boulding ; [traducción directa del inglés por Gonzalo Guasp ; revisión del texto español por José Vergara Doncel].
260 _aMadrid :
_bRevista de Occidente,
_c[1946?] (
_fViuda de Galo Sáez)
300 _aVIII, 384 p. ;
_c22 cm.
490 1 _aBiblioteca de ciencias económicas ;
_v2
650 0 7 _aEconomía
_2embne
_912006
650 0 0 _aPolítica económica.
_916293
700 1 _aGuasp, Gonzalo.
_960361
700 1 _aVergara Doncel, José.
_9114087
830 1 0 _aBiblioteca de ciencias económicas
_v2
_9181450
852 _aES-MaACL
_jE-2122
999 _c35795
_d35795